| 000 | 00388pab a2200157 454500 | ||
|---|---|---|---|
| 008 | 180718b2010 xxu||||| |||| 00| 0 eng d | ||
| 100 | _aGhosh, Sailendra Nath | ||
| 245 | _aMarx to Gandhi -- Experiences of a lifetime (Review article) | ||
| 260 | _c2010 | ||
| 300 | _ap.93-98 | ||
| 362 | _a25 Dec | ||
| 650 | _aReview article | ||
| 773 | _aMainstream | ||
| 908 | _aN | ||
| 909 | _a90354 | ||
| 999 |
_c90354 _d90354 |
||